| 000 | 00663pam a2200181 a 4500 | ||
|---|---|---|---|
| 020 | _a0470234520 | ||
| 082 | 0 | 0 |
_a388.068 _bTOL _cL-39, P-167 |
| 100 | 1 |
_aTolley, R. S. _938526 |
|
| 245 | 1 | 0 |
_aTransport systems, policy, and planning : _ba geographical approach / _cR.S. Tolley and B.J. Turton. |
| 260 |
_aHarlow, Essex : _bLongman Scientific and Technical ; _aNew York, N.Y. : _bWiley, _c1995. |
||
| 300 |
_axviii, 402 p. : _bill. ; _c25 cm. |
||
| 526 |
_a0 _b0 _c0 _d388_068000000000000_TOL |
||
| 650 | 0 | 0 |
_aNUST. _96342 |
| 650 | 0 | 0 |
_aTransportation and state. _921183 |
| 650 | 0 | 0 |
_aTransportation _xPlanning. _919652 |
| 700 | 1 |
_aTurton, B. J. _938527 |
|
| 942 |
_2ddc _cBK |
||
| 999 |
_c543146 _d543146 |
||